A handbook for training strategy / (Record no. 9481)

MARC details
000 -LEADER
fixed length control field 00614nac a22001811u 4500
020 ## - INTERNATIONAL STANDARD BOOK NUMBER
International Standard Book Number 8172249039
082 ## - DEWEY DECIMAL CLASSIFICATION NUMBER
Classification number 658.3124
Item number SLO
090 ## - LOCALLY ASSIGNED LC-TYPE CALL NUMBER (OCLC); LOCAL CALL NUMBER (OCLC)
-- 9481
-- 9481
100 ## - MAIN ENTRY--PERSONAL NAME
Personal name 20080729
245 ## - TITLE STATEMENT
Title A handbook for training strategy /
Statement of responsibility, etc Martyn Sloman
260 ## - PUBLICATION, DISTRIBUTION, ETC. (IMPRINT)
Place of publication, distribution, etc New Delhi:
Name of publisher, distributor, etc Jaico Publishing,2001
Date of publication, distribution, etc 2001
300 ## - PHYSICAL DESCRIPTION
Extent 223p.:
Other physical details ill.;
Dimensions 23 cm.
500 ## - GENERAL NOTE
General note distributer: Al-Ahram
504 ## - BIBLIOGRAPHY, ETC. NOTE
Bibliography, etc Includes bibliographical references and index.
511 ## - PARTICIPANT OR PERFORMER NOTE
Participant or performer note catalogued by: wessam
650 ## - SUBJECT ADDED ENTRY--TOPICAL TERM
Topical term or geographic name as entry element Employees
Form subdivision Handbooks, manuals, etc.
General subdivision Training of
942 ## - ADDED ENTRY ELEMENTS (KOHA)
Item type Book - Borrowing
Call number prefix 658.3124 SLO
Holdings
Withdrawn status Item status Damaged status Not for loan Home library Current library Shelving location Date acquired Source of acquisition Total Checkouts Total Renewals Full call number Barcode Date last seen Date last borrowed Koha item type
        Central Library Central Library First floor 08/05/2014 Purchase 3 4 658.3124 SLO 000011590 15/07/2025 03/12/2017 Book - Borrowing